000 03639cam a22005534i 4500
003 PE-LiUPU
005 20250731184537.0
008 180308s1995 ne 0 r0 001 0 eng d
020 _a9789004097605
035 _a(Sirsi) a241461
040 _aPE-LiUPU
_bspa
_cPE-LiUPU
_erda
049 _aPRUA
082 0 4 _a940.2
_bH2
_223
245 0 0 _aHandbook of European history, 1400-1600 :
_blate Middle Ages, Renaissance and Reformation /
_cedited by Thomas A. Brady, Jr. Heiko A. Oberman, James D. Tracy.
264 1 _aNew York :
_bBrill,
_c1995.
300 _aXXIV, 709 páginas ;
_c25 centímetros
336 _atext
_2rdacontent
337 _aunmediated
_2rdamedia
338 _avolume
_2rdacarrier
504 _aIndice : páginas 611-709.
505 0 _aStructures and assertions -- Population -- Family, household, and community -- The world of the village -- Economic cycles and structural changes -- Patterns of trade, money, and credit -- Urban communities : the rulers and the ruled -- Elements of popular belief -- Aliens within : the Jews and antijudaism -- The church in the fifteenth century -- The Italian states in the "long sixteenth century" -- France from Charles VII to Henry IV -- England under the Tudors -- The Habsburg lands : Iberia -- The Burgundian-Habsburg Netherlands -- The art of war -- Taxation and state debt -- The Ottomans and Europe -- The seaborne empires -- The coinages of Renaissance Europe, ca. 1500 -- Visions, programs, and outcomes. Ideas of reformatio and renovatio from the Middle Ages to the Reformation -- Visions of order in the Canonists and civilians -- Voices of reform from Hus to Erasmus -- The humanist movement -- Luther's Reformation -- The popular reformation -- The urban reformation in the Holy Roman Empire -- International Calvinism -- The radical reformation -- The new religious orders, 1517-1648 -- Catholic reformation, couterreformation and papal reform in the sixteenth century -- Settlements : the Holy Roman Empire -- Settlements : the Netherlands -- Settlements : France -- Settlements : the British -- Settlements : Spain's national Catholicism -- Settlements : Scandinavia -- Reformation and counterreformation in east central Europe -- New patterns of Christian life -- The great witch-hunt -- Confessional Europe -- The coinages of Renaissance Europe, ca. 1500.
526 _aP136
526 _aP135
526 _aP134
526 _aP133
526 _aP144
526 _aP143
526 _aP87
526 _aP35
526 _aP20
526 _aP14
526 _aP10
526 _aP06
651 4 _aEuropa
_xHistoria
_ySiglo XV.
651 4 _aEuropa
_xHistoria
_y1492-1648.
650 1 4 _aReforma
_zEuropa.
700 1 _aBrady, Thomas A.,
_eeditor.
700 1 _aOberman, Heiko Augustinus,
_eeditor
700 1 _aTracy, James D.,
_eeditor.
910 _adbm
_bksl
_cksl
_d20180308
942 _2ddc
_cBOOK
949 _a940.2 H2
_wDEWEY
_c1
_i78144
_lCCODEBUL1
_mBUL
_p45.70
_r0
_sY
_tBOOK
_u2021-7-15
_xTeología
_zTeología
_0Donación
_oSTAFF Colección General
949 _a940.2 H2 e2
_wDEWEY
_c1
_i70923
_lCCODEBUL1
_mBUL
_p45.70
_r0
_sY
_tBOOK
_u2021-7-15
_xTeología
_zTeología
_0Donación
_oSTAFF Colección General
994 _aC0
_bPEPRU
596 _a1
999 _a940.2 H2
_wDEWEY
_c27088
_i78144
_f2021-11-11
_g4
_lCCODEBUL1
_mBUL
_p45.70
_r0
_sY
_tBOOK
_u2018-3-8
_xTEOLOGIA
_PP35
_0COMPRA
_o.STAFF. Colección Teología
_d27088
999 _a940.2 H2
_wDEWEY
_c2
_i70923
_f2022-6-10
_g1
_lCCODEBUL1
_mBUL
_p45.70
_r0
_sY
_tBOOK
_u2022-6-9
_xTEOLOGIA
_PP35
_0COMPRA
980 _81
_gALBERTO SANCHEZ Responsable de Automatización